000
00299nam a22001337a 4500
008
171023b xxu||||| |||| 00| 0 eng d
020
_a
9781879618190
041
_a
eng
080
_a
338
100
_a
54
101
_a
MEN
245
_a
WHAT EVERY MANAGER TRAINIG
_c
MAGER,R,,F
942
_2
udc
_c
BK
999
_c
35346
_d
35346